Caricamento...

ICRF handbook of genome analysis Vol.1

Dettagli Bibliografici
Autore principale: Nigel K Spurr
Natura: Printed Book
Lingua:Undetermined
Pubblicazione: Blackwell Science 1996
Edizione:1
Soggetti:
LEADER 00632nam a2200229Ia 4500
008 141122s9999 xx 000 0 und d
040 |c . 
041 |a English 
082 |a 574.873282 
082 |b SPU/IC 
100 |a Nigel K Spurr 
245 |a ICRF handbook of genome analysis Vol.1 
245 |c Nigel K Spurr 
250 |a 1 
260 |b Blackwell Science 
260 |c 1996 
300 |a 510 Pages 
500 |a Reference (G) 
650 |a Genetics 
942 |c REF 
999 |c 3734  |d 3734 
952 |0 0  |1 0  |4 0  |6 574_873282000000000_SPUIC  |7 0  |9 3695  |a COVAS  |b COVAS  |d 0000-00-00  |o 574.873282 SPU/IC  |p 19501  |r 2014-11-26  |w 2014-11-26  |y REF